00690nam a2200169Ia 450000500170000000800410001702000150005808200130007310000130008624500210009926000420012030000130016250002270017594200060040295200970040899900150050520250616020153.0240331s9999 xx 000 0 und d a9551274020 bPERa305 aPerera,J 0aKadathurawa hera aColombobNational Peace Councilc2005 a194 p ., aThis Book contains a number of article written by journalist who visited the government- controlled Jaffna and the LTTE- controlled Kilinochchi areas during a tour organized by the National Peace Council in September 2004. cL 001040708LaWERCLbWERCLcSSCd2024-03-31l0o 305.8 PERp5612r2024-03-31w2024-03-31yL c5138d5138